| 000 | 00614nam a22001933a 4500 | ||
|---|---|---|---|
| 005 | 20210223124558.0 | ||
| 008 | 010531s1997 mx fr 000 0 spa d | ||
| 020 | _a9681654633 | ||
| 035 | _aUPN01000116451 | ||
| 049 | _aI | ||
| 050 | 4 |
_aPZ84.9 _bM3.2 |
|
| 100 | 1 |
_aMachado, Ana María, _d1941- _929089 |
|
| 245 | 1 | 0 |
_aBisa Bea, Bisa Bel / _cAna María Machado ; il. de Vicent Marco ; tr. de Fátima Andreu. |
| 260 |
_aMéxico : _bFCE, _c1997. |
||
| 300 |
_a76 p. : _bil. |
||
| 440 | 0 |
_aA la orilla del viento. _pPara los que leen bien ; _v98 |
|
| 650 | 4 |
_aCUENTOS INFANTILES BRASILEÑOS _912222 |
|
| 905 | _aInfantil | ||
| 999 |
_c89188 _d89188 |
||